00356 2200145 4500001002100000008004100021035002000062245002800082100001800110260002800128300002000156082001100176650001000187990001300197INLIS000000000000688 ind  a0010-0322000688 aDOBY DAN SERIGALAcIKHA aPUPUT MUGIATI aSURABAYAbCAHAYA AGENCY a24 hlm.c19 cm. a398.24 aFABEL a102828-1